Finding the Titanic / (Record no. 4002)

MARC details
000 -LEADER
fixed length control field 01401cam a2200421 a 4500
001 - CONTROL NUMBER
control field 4002
003 - CONTROL NUMBER IDENTIFIER
control field FISKH
005 - DATE AND TIME OF LATEST TRANSACTION
control field 20250828101045.0
008 - FIXED-LENGTH DATA ELEMENTS--GENERAL INFORMATION
fixed length control field 930322s1993 nyua j 000 0 eng
010 ## - LIBRARY OF CONGRESS CONTROL NUMBER
LC control number 93019203
020 ## - INTERNATIONAL STANDARD BOOK NUMBER
International Standard Book Number 0590472305
020 ## - INTERNATIONAL STANDARD BOOK NUMBER
International Standard Book Number 9780590472302
040 ## - CATALOGING SOURCE
Original cataloging agency DLC
Transcribing agency DLC
Modifying agency DLC
Language of cataloging eng
042 ## - AUTHENTICATION CODE
Authentication code lcac
043 ## - GEOGRAPHIC AREA CODE
Geographic area code ln-----
050 00 - LIBRARY OF CONGRESS CALL NUMBER
Classification number G530.T6
Item number B495 1993
082 00 - DEWEY DECIMAL CLASSIFICATION NUMBER
Classification number 910/.91634
Edition number 21
100 1# - MAIN ENTRY--PERSONAL NAME
Personal name Ballard, Robert D.
245 10 - TITLE STATEMENT
Title Finding the Titanic /
Statement of responsibility, etc. by Robert D. Ballard with Nan Froman ; paintings by Ken Marschall.
260 ## - PUBLICATION, DISTRIBUTION, ETC.
Place of publication, distribution, etc. New York :
Name of publisher, distributor, etc. Scholastic,
Date of publication, distribution, etc. 1993.
300 ## - PHYSICAL DESCRIPTION
Extent 48 pages :
Other physical details color illustrations ;
Dimensions 23 cm
440 #0 - SERIES STATEMENT/ADDED ENTRY--TITLE
Title Hello reader.
Number of part/section of a work Level 4
500 ## - GENERAL NOTE
General note "Cartwheel books".
505 ## - FORMATTED CONTENTS NOTE
Formatted contents note P<br/>
520 ## - SUMMARY, ETC.
Summary, etc. Describes the voyage of the Titanic, the accident that caused it to sink, and the rescue of those who survived.
521 0# - TARGET AUDIENCE NOTE
Target audience note 650<br/>
Source Lexile <br/>
521 1# - TARGET AUDIENCE NOTE
Target audience note P<br/>
Source Raz-Plus<br/>
610 20 - SUBJECT ADDED ENTRY--CORPORATE NAME
Corporate name or jurisdiction name as entry element Titanic (Steamship)
General subdivision Juvenile literature.
610 21 - SUBJECT ADDED ENTRY--CORPORATE NAME
Corporate name or jurisdiction name as entry element Titanic (Steamship)
650 #0 - SUBJECT ADDED ENTRY--TOPICAL TERM
Topical term or geographic name entry element Shipwrecks
Geographic subdivision North Atlantic Ocean
General subdivision Juvenile literature.
650 #0 - SUBJECT ADDED ENTRY--TOPICAL TERM
Topical term or geographic name entry element Underwater exploration
Geographic subdivision North Atlantic Ocean
General subdivision Juvenile literature.
650 #1 - SUBJECT ADDED ENTRY--TOPICAL TERM
Topical term or geographic name entry element Shipwrecks.
700 1# - ADDED ENTRY--PERSONAL NAME
Personal name Froman, Nan.
Relator term Author
700 1# - ADDED ENTRY--PERSONAL NAME
Personal name Marschall, Ken,
Relator term illustrator
906 ## - LOCAL DATA ELEMENT F, LDF (RLIN)
a 7
b cbc
c orignew
d 1
e ocip
f 19
g y-gencatlg
942 ## - ADDED ENTRY ELEMENTS (KOHA)
Source of classification or shelving scheme Dewey Decimal Classification
Koha item type Books
Suppress in OPAC No
Holdings
Withdrawn status Lost status Source of classification or shelving scheme Damaged status Not for loan Collection Home library Current library Shelving location Date acquired Total Checkouts Full call number Barcode Date due Date last seen Date last checked out Price effective from Koha item type Copy number
    Dewey Decimal Classification     Non-Fiction Footprints International School Library Network Toul Kork Campus Footprints International School Library Network Toul Kork Campus TK Primary Library Room(4th Floor), Bookcase 5&6, Shelves 33-56, Orange Books 05/29/2024 2 BAL 910.91634 G530.T6 FISTK00785 12/23/2025 12/09/2025 12/09/2025 05/29/2024 Books  
    Dewey Decimal Classification     Non-Fiction Footprints International School Library Network Toul Tom Poung Campus Footprints International School Library Network Toul Tom Poung Campus TTP Primary Orange Bookshelves 08/28/2025   BAL 910.91634 G530.T6 FISBK02804   08/28/2025   08/28/2025 Books 2